| 000 | 00895nas a2200289 4500 | ||
|---|---|---|---|
| 001 | BR2013008603 | ||
| 003 | BR-BrBNA | ||
| 005 | 20231205123133.0 | ||
| 007 | ta | ||
| 008 | 230509b bl.|||p| |||| 00| 00por d | ||
| 040 |
_aBR-BrBNA _bpor _cBiblioteca Nacional de Agricultura |
||
| 041 | _a(Pt) | ||
| 072 | _aL40 | ||
| 100 | 1 | _aFerreira, J.R. | |
| 100 | 1 | _aRezende, L.C. | |
| 100 | 1 | _aCarvalho, P. | |
| 100 | 1 | _aMortoza, A.R. | |
| 100 | 1 | _aMartins, D. dos S. | |
| 245 | 1 | _aModelo de suprimento sanguíneo do intestino delgado e grosso da preguiça de coleira (Bradypus torquatus) | |
| 650 | _aANIMAL SELVAGEM | ||
| 650 | _aMORFLOGIA ANIMAL | ||
| 650 | _aINTESTINO DELGADO | ||
| 650 | _aINTESTINO GROSSO | ||
| 773 | 0 |
_tCiência Rural (Brazil) _xISSN 0103-8478 _g(Jun 2013), v. 43(6) p. 1114-1121 _wBR2013008603 |
|
| 909 |
_a202311 _bLúcia _c55 _dLúcia Elande |
||
| 942 |
_2AGRIS _n0 _cANA |
||
| 999 |
_c232353 _d232353 |
||